Les 10 plus grandes départements francais - Statistiques

Statistiques générales
  • Ce quiz a été pris 76 fois
  • Le résultat moyen est 6 sur 10
Statistiques - réponses
Place Superficie (en km2) Département % Correct
2 10 000 Gironde
89%
1 86 504 Guyane
87%
3 9243 Landes
75%
4 9060 Dordogne
57%
5 8763 Côte-d’Or
54%
9 7970 Puy-de-Dôme
54%
6 8735 Aveyron
52%
10 7645 Pyrénées Atlantiques
46%
8 8162 Marne
41%
7 8575 Saône-et-Loire
32%
Aucun quiz correspondant
Distribution des résultats
% des personnes avec chaque résultat
Percentile par nombre de réponses
Votre historique - résultats
Vous n’avez pas pris ce quiz